[Event "Gatineau Echiquier Royal 15 ann"]
[Site "Gatineau"]
[Date "2003.09.26"]
[Round "4"]
[White "Ethier, Valori"]
[Black "Lahaie, Jean Marc"]
[Result "1/2-1/2"]
[WhiteElo "1467"]
[BlackElo "1339"]
[PlyCount "85"]
[EventDate "2003.09.??"]
[EventType "swiss"]
[EventRounds "5"]
[EventCountry "CAN"]
[SourceTitle "EXT 2006"]
[Source "ChessBase"]
[SourceDate "2005.11.24"]
[SourceVersion "1"]
[SourceVersionDate "2005.11.24"]
[SourceQuality "1"]

1. e4 d5 2. exd5 c6 3. dxc6 Nxc6 4. Nf3 a6 5. Nc3 Nf6 6. d4 Bg4 7. Be3 e6 8. Be2 Bb4 9. 0-0 Bxc3 10. bxc3 Nd5 11. Qd2 Nxe3 12. Qxe3 0-0 13. Ne5 Nxe5 14. Qxe5 Bxe2 15. Qxe2 Qd5 16. Rfe1 Rac8 17. Qd3 f6 18. Re3 b5 19. f3 Rc6 20. Qe4 Qc4 21. a3 Rfc8 22. Rb1 e5 23. Rb4 Qa2 24. Rb3 exd4 25. Qxd4 Qxc2 26. Qd7 Qc1+ 27. Kf2 Qc2+ 28. Re2 Qg6 29. Re3 Kf8 30. Qe7+ Kg8 31. Qd7 R6c7 32. Qe6+ Qf7 33. Qxf7+ Kxf7 34. Ke2 Re7 35. Rxe7+ Kxe7 36. Kd3 Rc4 37. Rb4 Rc5 38. Re4+ Kd6 39. g4 h6 40. Rd4+ Ke5 41. Re4+ Kd6 42. Rd4+ Ke5 43. Re4+ 1/2-1/2